| 000 | 00574nam a2200169Ia 4500 | ||
|---|---|---|---|
| 003 | GCL | ||
| 008 | 140319s9999 xx 000 0 eng d | ||
| 040 |
_aGCL / _cGCL |
||
| 082 | 0 | 4 |
_aCH _b423.1 _bB A |
| 100 | 1 | _aMOHMOND, SADIKA YOUSSEF MOHMOUD | |
| 245 | 1 | 0 |
_aAL SADIK: ENGLISH \ ARABIC DICTIONARY FOR SCHOOLS, OFFICES AND SONG INCLUDING SCIENCE TERMINOLOGY AND TECHNOLOGY / _cMOHMOND, SADIKA YOUSSEF MOHMOUD |
| 700 | 1 | _aBADAWI, ZAKI | |
| 260 |
_a[S.N] : _bDAR AL-KITAB AL-MASRI ، _c1989 |
||
| 300 | _a469 | ||
| 650 | 0 | 4 | _aENCYCLOPEDIAS AND DICTIONARIES |
| 942 |
_2ddc _cBK |
||
| 999 |
_c17475 _d17475 |
||